| 000 | 00693cam a22002414a 4500 | ||
|---|---|---|---|
| 999 |
_c438 _d438 |
||
| 001 | 19312 | ||
| 003 | BD-DhUAP | ||
| 005 | 20200122123552.0 | ||
| 008 | 050513s2006 nju b 001 0 eng | ||
| 010 | _a 2005014008 | ||
| 020 | _a0131900056 (pbk.) | ||
| 040 |
_aDLC _cDLC _dYDX _dBAKER _dBD-DhUAP |
||
| 082 | 0 | 0 |
_a190 HAK _223 |
| 100 | 1 | _aHakim, Albert B. | |
| 245 | 1 | 0 |
_aHistorical introduction to philosophy / _cAlbert B. Hakim. |
| 250 | _a5th ed. | ||
| 260 |
_aUpper Saddle River, N.J. : _bPearson/Prentice Hall, _cc2006. |
||
| 300 |
_axxi, 673 pages ; _c24 cm. |
||
| 500 | _aIncludes index. | ||
| 650 | 0 |
_aPhilosophy _vIntroductions. |
|
| 650 | 0 |
_aPhilosophy _xHistory. |
|
| 942 |
_2ddc _cBK |
||